[Event "Dortmund"]
[Site "Dortmund"]
[Date "1994.??.??"]
[Round "5"]
[White "Jussupow, Artur"]
[Black "Karpov, Anatoly"]
[Result "1/2-1/2"]
[WhiteElo "2665"]
[BlackElo "2740"]
[Annotator "Jussupow,A"]
[PlyCount "90"]
[EventDate "1994.07.??"]
[EventType "tourn"]
[EventRounds "9"]
[EventCountry "GER"]
[EventCategory "16"]
[SourceTitle "CBM 042"]
[Source "ChessBase"]
[SourceDate "1994.10.01"]
[SourceVersion "1"]
[SourceVersionDate "1994.10.01"]
[SourceQuality "1"]

1. d4 Nf6 2. c4 e6 3. Nc3 Bb4 4. e3 c5 5. Bd3 Nc6 6. Nf3 Bxc3+ 7. bxc3 d6 8. e4
e5 9. h3 h6 10. Be3 b6 11. d5 Ne7 12. Nd2 g5 $146 13. h4 gxh4 $1 (13... Ng4 14.
Nf1 Ng6 (14... gxh4 15. Rxh4 $16) 15. hxg5 hxg5 16. Rxh8+ Nxh8 17. Be2 Nh6 $14
{Karpov}) 14. Rxh4 Ng6 15. Rh1 (15. Rxh6 Rxh6 16. Bxh6 Ng4 17. Be3 Nxe3 (17...
Qh4 18. Qe2 (18. Nf1 $5) 18... Nf4 $44) 18. fxe3 Qg5 $5 19. Qe2 Bg4 $40 {
/\Nh4,Ke7,Rh8}) 15... Ng4 16. Nf1 Nf4 17. g3 (17. Rg1 $6 Qf6 $40 (17... Qh4 $6
18. g3 Nxe3 19. Nxe3 Qh2 20. Rf1 Nxd3+ 21. Qxd3 Bh3 $13)) 17... Ng2+ 18. Ke2
N4xe3 (18... Qf6 19. f3 N4xe3 20. Nxe3 Nxe3 21. Kxe3 $13) 19. Nxe3 Nxe3 20.
Kxe3 Qg5+ 21. Ke2 Ke7 22. Qg1 $5 Bd7 23. Qh2 Rab8 24. a4 (24. Qh4 Qxh4 25. Rxh4
b5 $15) 24... Rbg8 25. Qh4 (25. a5 bxa5 26. Rxa5 Rb8 $40) 25... Bg4+ 26. f3 Bd7
27. Kf2 f6 28. Ra2 (28. Qxg5 hxg5 29. Rxh8 Rxh8 30. a5 $2 bxa5 31. Rxa5 Ra8 $17
{/\a6,Ke7-b6}) 28... h5 29. a5 bxa5 30. Qxg5 fxg5 31. Rxa5 Ra8 (31... h4 32.
gxh4 gxh4 (32... Rxh4 33. Rxh4 gxh4 34. Rxa7 h3 35. Bf1 $1 (35. Ra1 Rg2+ 36.
Ke3 Kf6 $17) 35... h2 36. Bg2 $10) 33. Rxa7 h3 34. Rh2 $13) 32. Rha1 h4 33.
Rxa7 Rxa7 (33... hxg3+ 34. Kxg3 Rh3+ 35. Kg2 Rah8 36. Bf1 $13) 34. Rxa7 Rb8 35.
gxh4 gxh4 36. Bf1 Kd8 37. Ra2 Kc7 38. Kg2 $6 {/\Rf2,Kh2,Bh3} (38. Ra7+ $10)
38... Rb1 39. Ra7+ Kd8 40. Ra8+ Bc8 41. Kf2 Kc7 42. Ra7+ Bb7 43. Ra2 Bc8 (43...
Kb6 44. Bd3 $1 $10 {Karpov}) (43... Rc1 44. Be2 Rxc3 45. Ra1 $10) 44. Ra7+ Bb7
45. Ra2 Bc8 1/2-1/2

[Event "Horgen CS"]
[Site "Horgen"]
[Date "1994.??.??"]
[Round "3"]
[White "Jussupow, Artur"]
[Black "Lutz, Christopher"]
[Result "1/2-1/2"]
[WhiteElo "2655"]
[BlackElo "2580"]
[Annotator "Jussupow,A"]
[PlyCount "55"]
[EventDate "1994.09.??"]
[EventType "tourn"]
[EventRounds "11"]
[EventCountry "SUI"]
[EventCategory "16"]
[SourceTitle "CBM 043"]
[Source "ChessBase"]
[SourceDate "1994.12.01"]
[SourceVersion "1"]
[SourceVersionDate "1994.12.01"]
[SourceQuality "1"]

1. d4 Nf6 2. c4 e6 3. Nc3 Bb4 4. e3 c5 5. Bd3 Nc6 6. Nf3 Bxc3+ 7. bxc3 d6 8. e4
e5 9. h3 h6 10. Be3 b6 11. d5 Ne7 12. Nd2 g5 $5 13. Nf1 $5 $146 (13. h4 {
-Yusupov-Karpov/Dortmund/1994}) 13... Ng6 14. g3 Ng8 (14... Bd7 15. Bd2 Qc8 16.
Qf3 Ke7 17. Ne3 Bxh3 $140 18. Rxh3 Qxh3 19. Nf5+ $16) 15. Bd2 Qf6 16. Ne3 $14
N8e7 (16... h5 $6 17. Be2 h4 18. Bg4 $16) 17. Be2 {/\Bg4} Kd8 $1 18. Bg4 Kc7
19. Rb1 (19. Qe2 $5) 19... Rb8 $1 20. Nc2 {/\Na3-b5} (20. Qa4 Bxg4 {><f3})
20... Rb7 21. Na3 Kb8 22. Nb5 Rd8 23. Ke2 {/\Qa4} Qh8 $5 {/\f5} 24. Qa4 {
/\Bc8,Qa6} a5 $1 $132 {/\25...f5 26.ef h5} 25. Bxc8 Nxc8 26. Rb2 (26. Qc2 $142)
26... Qe8 27. Qc2 Qd7 $132 {/\Nce7,f5} 28. Be3 $10 1/2-1/2

[Event "Olympiad-32"]
[Site "Yerevan"]
[Date "1996.09.21"]
[Round "6.1"]
[White "Jussupow, Artur"]
[Black "Lalic, Bogdan"]
[Result "1-0"]
[WhiteElo "2665"]
[BlackElo "2565"]
[Annotator "Jussupow,A"]
[PlyCount "85"]
[EventDate "1996.09.15"]
[EventType "team-swiss"]
[EventRounds "14"]
[EventCountry "ARM"]
[SourceTitle "CBM 055"]
[Source "ChessBase"]
[SourceDate "1996.12.01"]
[SourceVersion "1"]
[SourceVersionDate "1996.12.01"]
[SourceQuality "1"]
[WhiteTeam "Germany"]
[BlackTeam "Croatia"]
[WhiteTeamCountry "GER"]
[BlackTeamCountry "CRO"]

1. d4 Nf6 2. c4 e6 3. Nc3 Bb4 4. e3 c5 5. Bd3 Nc6 6. Nf3 Bxc3+ 7. bxc3 d6 8. e4
e5 9. h3 h6 10. Be3 (10. Qe2 O-O 11. dxc5 dxc5 12. Nh2 (12. Nd2 Qa5 13. Bb2 b6
14. O-O Ba6 15. a4 Bb7 16. Rfd1 Qa6 $10 {0-1 Keene-Psakhis/Plovdiv Europe t-ch
1983 (42)}) 12... Ne7 13. Nf1 Ng6 14. g3 Ne8 15. Ne3 Nd6 $132 {0-1,
Stefansson-Kiprov/corr/1986 (24)}) 10... b6 11. d5 (11. O-O Qc7 $5 (11... O-O
12. d5 Ne7 13. Kh2 Nh7 $1 (13... Ng6 14. g3 Nh7 15. Qc2 Bd7 16. Ng1 Qc8 17.
Rae1 f5 18. f4 $16 {1-0 Ibragimov,I-Svendsen,T/Bern (1) 1992 (38)}) 14. Qc2 {N}
(14. Nd2) 14... f5 15. exf5 Bxf5 (15... Nxf5 $4 16. g4) 16. Nd2 Bxd3 (16... Qd7
17. Ne4 $14) 17. Qxd3 Nf5 18. Ne4 $14 {Ibragimov,I-Cebalo,M/Djakovo 62/561
1994/1/2-1/2 (57)}) 12. d5 Ne7 13. Nh4 g5 14. Qf3 Nfg8 15. Nf5 Nxf5 16. exf5
Nf6 17. g4 Qe7 18. Rfe1 Kd8 $10 {1/2-1/2 Ibragimov,I-Csom,I/Budapest FS 02 GM
(01) 1995 (25)}) 11... Ne7 12. Nd2 {/\Nf1, Bd2, Ne3} (12. g3 Ng6 (12... Bd7 13.
Kf1 Qc8 14. Kg2 Nh7 15. Nh4 g5 16. Nf3 f5 17. exf5 Bxf5 18. Qb1 Nf6 $10 {
Lugovoi,A-Ibragimov,I/RUS-ch Elista (07) ;CBM 50_08 1995/1/2-1/2 (60)}) 13. Kf1
O-O 14. Kg2 Bd7 15. Qc2 Nxe4 $1 16. Bxe4 f5 17. Nd2 fxe4 18. Nxe4 Bf5 19. f3
Qd7 {1/2-1/2 Vyzmanavin,A-Makarov,M/Novgorod op (02) 1995}) 12... g5 (12... Ng6
13. g3 O-O 14. Kf1 (14. Qc2 Bd7 15. Nf1 a6 $5 (15... Qc8 16. h4 Ng4 17. f3 $1
Nxe3 18. Nxe3 $14 {Hjartarson}) 16. Bd2 Qc8 $10 {0-1 Ibragimov,I-Hjartarson,J/
Reykjavik 60/511 1994 (36)}) 14... Ne8 15. Kg2 Ne7 16. f3 f5 $132 {Portisch,
L-Browne,W/Tilburg/1982}) (12... O-O 13. g4 Ng6 14. g5 hxg5 15. Bxg5 Qe8 16.
Bxf6 gxf6 17. Nf1 Kg7 {1/2-1/2 Yusupov,A-Torre,E/Moscow (ol) 62/(561) 1994}) (
12... Nh7 13. h4 Nf6 14. Nf1 Bd7 15. Bd2 Qc8 16. Ne3 Kd8 17. h5 $6 Kc7 18. f3
g6 19. g4 Qf8 $10 {1/2-1/2 Yusupov,A-Timman,J/Comunidad de Madrid, ESP (08)
1995 (23)}) 13. Nf1 (13. h4 gxh4 $1 (13... Ng4 14. Nf1 Ng6 15. hxg5 hxg5 16.
Rxh8+ Nxh8 17. Be2 Nh6 $14 {Karpov}) 14. Rxh4 Ng6 15. Rh1 (15. Rxh6 Rxh6 16.
Bxh6 Ng4 17. Be3 Nxe3 18. fxe3 Qg5 $5 19. Qe2 Bg4 $40 {/\Nh4,Ke7,Rh8}) 15...
Ng4 16. Nf1 Nf4 17. g3 (17. Rg1 $6 Qf6 $40) 17... Ng2+ $15 {1/2-1/2 Yusupov,
A-Karpov,An/Dortmund (05) 1994 (45)}) 13... Ng6 14. g3 Bd7 (14... Ng8 15. Bd2
Qf6 16. Ne3 N8e7 (16... h5 $6 17. Be2 h4 18. Bg4 $16) 17. Be2 {/\Bg4} Kd8 $1
18. Bg4 Kc7 $14 {1/2-1/2 Yusupov,A-Lutz,C/Horgen CS (03) ;CBM 43 1994 (28)})
15. Bd2 Qe7 $1 (15... Qc8 $6 16. Qf3 Ke7 17. Ne3 Bxh3 $140 18. Rxh3 Qxh3 19.
Nf5+ $36) 16. Ne3 O-O-O (16... Nf4 $5 17. gxf4 exf4 18. Nc2 Nxe4 19. Qe2 $14)
17. Qf3 (17. Nf5 $2 Bxf5 18. exf5 e4 $17) 17... Ne8 (17... Nf4 $5 18. gxf4 exf4
19. Nc2 Rde8 20. O-O-O Nxe4 $44) 18. O-O-O (18. Nf5 $5 Bxf5 $5 (18... Qf6 19.
h4 Ng7 (19... gxh4 20. Nxh4 Qxf3 21. Nxf3 Bg4 22. Nh2) (19... Bxf5 20. Qxf5+
Qxf5 21. exf5) 20. hxg5 hxg5 21. O-O-O Nxf5 22. exf5 e4 (22... Ne7 23. g4) 23.
Qxe4 Ne5 24. Bc2 g4 $44) 19. exf5 (19. Qxf5+ Kc7 $10) 19... e4 20. Qxe4 Ne5 21.
Be2 Nf6 22. Qe3 Rde8 $44) 18... Kc7 {[#]} (18... Ng7 19. Ng4 f5 20. exf5 $16)
19. Rh2 $1 (19. Rdg1 $5) (19. Nf5 Qf6 20. h4 $140 gxh4 21. Nxh4 Qxf3 22. Nxf3
Bg4 23. Be2 Nf6) 19... Ng7 20. Rdh1 (20. Ng4 $6 h5 21. Nf6 $140 g4) 20... Rde8
(20... Rdf8 $142 21. Nf5 Qf6 22. h4 $14) 21. Bc2 $1 $14 {/\Qd1,Ba4} (21. Ng4 f5
22. exf5 e4 23. Bxe4 Ne5 (23... Qxe4 24. Qxe4 Rxe4 25. fxg6 Bf5 26. Ne3 Bxg6
$44) 24. Nxe5 Qxe5 $44) 21... h5 (21... Ref8 22. Nf5 $1 (22. Qd1 $140 f5 $132)
(22. h4 gxh4 23. gxh4 Nf4 {/\Ngh5} 24. h5 (24. Rg1 Ngh5) 24... Qg5 $132) 22...
Qf6 23. h4 gxh4 24. Nxh4 (24. g4 $5) 24... Qxf3 25. Nxf3 $14) 22. h4 gxh4 (
22... g4 23. Qd1 $16 {/\f3}) 23. gxh4 Nf4 24. Ng2 $1 f5 (24... Bg4 25. Qe3 $16
Nxg2 $140 26. Rxg2 f5 27. f3 f4 28. Qg1) 25. Nxf4 exf4 $6 (25... fxe4 $142 26.
Qxe4 Bf5 $1 27. Qe2 Bxc2 28. Kxc2 exf4 29. Qxe7+ Rxe7 30. Bxf4 Re4 31. Bg5 $14)
26. Re1 $1 $16 Qf8 27. Rg2 {פg7; ><f4} fxe4 28. Rxe4 Rxe4 29. Bxe4 Ne8 (29...
Bf5 $2 30. Rxg7+ $18) (29... Nf5 30. Qxf4 $18 {/\Rg5}) 30. Bxf4 Bg4 (30... Nf6
31. Rg6 $18) 31. Qe3 Nf6 32. f3 Nxe4 33. fxg4 (33. fxe4 $6 Rh7 34. e5 dxe5 35.
Qxe5+ Kb7 $16) 33... Nxc3 {[#]} (33... Nf6 $142 34. g5 $16) 34. Rf2 $1 Na4 (
34... Qg7 35. Bxd6+ Kxd6 36. Qe6+ Kc7 37. Rf7+ $18) 35. Bg5 $1 $18 Qg7 (35...
Qc8 36. Rf7+ Kb8 37. Qe7 $18) (35... Qe8 36. Qxe8 Rxe8 37. Rf7+ Kb8 38. gxh5
$18) 36. Bf6 Qxg4 37. Bxh8 Qxc4+ 38. Kb1 Qb4+ 39. Ka1 Kb7 40. Rf4 c4 (40... Qb5
41. Qb3 $18) 41. a3 Qb5 42. Qe7+ Ka6 43. Qe2 1-0

[Event "RUS-ch"]
[Site "Elista"]
[Date "1996.01.01"]
[Round "8"]
[White "Lugovoi, Aleksei"]
[Black "Aseev, Konstantin N"]
[Result "1-0"]
[WhiteElo "2500"]
[BlackElo "2560"]
[Annotator "Kantsler,B"]
[PlyCount "83"]
[EventDate "1996.10.15"]
[EventType "swiss"]
[EventRounds "11"]
[EventCountry "RUS"]
[SourceTitle "CBM 056"]
[Source "ChessBase"]
[SourceDate "1997.02.01"]
[SourceVersion "1"]
[SourceVersionDate "1997.02.01"]
[SourceQuality "1"]

1. d4 Nf6 2. c4 e6 3. Nc3 Bb4 4. e3 c5 5. Bd3 Nc6 6. Nf3 Bxc3+ 7. bxc3 d6 8.
O-O e5 9. Nd2 O-O 10. Rb1 (10. d5 Ne7 11. e4 (11. f3 Ne8 12. e4 Ng6 13. g3 f5
14. exf5 Bxf5 15. Ne4 Qd7 16. Qc2 Nf6 $11 {Lukacs,P-Stohl,I/AUT-chT 1994})
11... h6 12. Re1 Nh7 13. Nf1 f5 14. exf5 Bxf5 15. Ng3 Bxd3 16. Qxd3 Qd7 $11 {
Balashov,Y-Vaganian,R/URS-ch 1989/ 0:1, 41}) 10... b6 (10... Qe7 11. d5 e4 12.
Nxe4 Nxe4 13. dxc6 bxc6 14. Qc2 f5 $6 (14... Re8 $5 15. f3 Nf6 16. e4 $13) 15.
f3 Ng5 16. Bd2 $14 {Bareev,E-Van der Wiel,J/Wijk 1995/1/2:1/2, 44}) 11. h3 $1 (
11. Qc2 $6 Bd7 12. h3 Qc8 13. f4 exd4 14. cxd4 Re8 15. Nf3 Nb4 16. Rxb4 cxb4
17. e4 b5 $1 18. c5 $44 {Bareev,E-Timman,J/Wijk 1995/1/2:1/2, 36}) 11... Bd7 (
11... Re8 $5 $13) 12. f4 $1 exd4 (12... exf4 13. Rxf4 Qe7 14. Qf3 Rac8 15. Nf1
Ne8 16. Ng3 g6 17. Bd2 Ng7 18. Rf1 f5 19. e4 Ne6 20. exf5 Nxf4 21. Bxf4 $16 {
Sokolov,I-Winants,L/NLD 1995 1:0, 25}) 13. cxd4 cxd4 (13... Nb4 $6 14. Rxb4
cxb4 15. e4 $16) (13... Qe7 $5 14. Qf3 Rae8 15. d5 Nb4 16. Rxb4 cxb4 17. e4 $44
) 14. e4 {~/=->} Re8 15. Re1 Qc7 16. Nf3 Bc8 {/\ Nd7} 17. e5 $5 dxe5 18. fxe5
Nd7 {[]} (18... Nxe5 $2 19. Bf4 $1 (19. Rxe5 $6 Rxe5 20. Nxe5 (20. Bf4 $2 Re1+
21. Qxe1 Qxf4 $17) 20... Qxe5 21. Qf3 Qb8 22. Bf4 Qb7 23. Qg3 $44) 19... Nxf3+
(19... Nfd7 $2 20. Nxe5 Nxe5 21. Qh5 $16) 20. Qxf3 Rxe1+ (20... Qb7 $2 21.
Rxe8+ Nxe8 22. Be4 $18) 21. Rxe1 Qb7 22. Qg3 {~/=->} Qc6 (22... Be6 23. Be5 Qe7
(23... Ne8 24. Be4 $18) 24. Qh4 $18) 23. Bh6 g6 (23... Nh5 24. Be4 (24. Qe5 Bb7
$19) (24. Qg5 Bb7 $17) 24... Nxg3 (24... Qxh6 25. Bxa8 $18) (24... Qd7 25. Qf3
$18) (24... Qe6 25. Qf2 $18) 25. Bxc6 $18) 24. Be4 Nxe4 25. Qe5 Nf6 (25... f6
26. Qe7 $18) 26. Qxf6 $18) 19. Bf4 Nf8 (19... Ndxe5 20. Nxe5 Nxe5 21. Qh5 $18)
20. Ng5 {/\ 21.e6 Qf4 22.ef7 +-} Be6 21. Qh5 h6 (21... g6 $2 22. Qh6 {/\Ne4,
Nf6 +-}) 22. Nf3 (22. Ne4 $2 Ng6 $17) 22... f5 $5 23. Bxf5 Bxf5 24. Qxf5 Ne6
25. Bd2 Qd7 (25... Qf7 26. Qg4 $40) 26. Rb5 $1 Nc5 (26... Ne7 27. Qg4 $40) 27.
e6 $1 Nxe6 $2 {>= Qe7} (27... Rxe6 $2 28. Rxc5 $18) 28. Ne5 $1 Qc7 (28... Nxe5
29. Rbxe5 $18) 29. Qg6 {/\ Bh6; Ng4} Nxe5 30. Rbxe5 Qf7 (30... Qxc4 31. Rxe6
$18) 31. Rxe6 Qxg6 32. Rxg6 Rxe1+ 33. Bxe1 Rc8 34. Rd6 Rxc4 35. Bf2 Ra4 36.
Bxd4 Rxa2 37. Rd8+ Kf7 (37... Kh7 38. Rd7 $18) 38. Rd7+ Ke6 39. Rxg7 h5 40. Rh7
Kd5 41. Bf2 Kc4 42. Rxh5 1-0

[Event "EU-Cup 12th final"]
[Site "Budapest"]
[Date "1996.11.24"]
[Round "4"]
[White "Renet, Olivier"]
[Black "Greenfeld, Alon"]
[Result "0-1"]
[WhiteElo "2505"]
[BlackElo "2555"]
[Annotator "Kantsler,B"]
[PlyCount "58"]
[EventDate "1996.11.21"]
[EventType "team-k.o."]
[EventRounds "4"]
[EventCountry "HUN"]
[SourceTitle "EXT 2020"]
[Source "ChessBase"]
[SourceDate "2019.10.17"]
[SourceVersion "1"]
[SourceVersionDate "2019.10.17"]
[SourceQuality "1"]
[WhiteTeam "Clichy Echecs 92"]
[BlackTeam "Beer-Sheva Chess Club"]
[WhiteTeamCountry "FRA"]
[BlackTeamCountry "ISR"]

1. d4 Nf6 2. c4 e6 3. Nc3 Bb4 4. e3 c5 5. Bd3 Nc6 6. Nge2 cxd4 7. exd4 d5 8.
cxd5 Nxd5 9. O-O Bd6 (9... Nf6 10. a3 Be7 11. Bc2 O-O 12. Qd3 b6 13. Bg5 g6 14.
Rad1 Bb7 15. Qh3 {|^ Tisdall-Cebalo/Moscow olm 1994/1:0 (46)}) (9... O-O 10.
Bb1 (10. Be4 Bd6 11. g3 (11. Bxd5 exd5 12. Bf4 Bb4 13. a3 {1/2:1/2, Vyzmanavin,
A-Gurevich,M, Burgas 1994;}) 11... Nf6 12. Bg2 Bd7 13. Be3 Qa5 14. a3 Rfd8 15.
h3 Qh5 $13 {Zysk-Kindermann/Deutschland 1994}) (10. Bc2 Re8 11. Qd3 g6 12. a3
Bf8 13. Re1 $6 Nxc3 14. bxc3 e5 $15 {[%emt 0:00:01] Onischuk.Al-Karpov,An/Biel
1996}) 10... Be7 (10... Re8 11. Qd3 g6 12. Qf3 Bf8 13. Be4 Nxc3 14. bxc3 Bg7
$13 {Lugovoi,A-Shipov,S/St. Peterburg 1994, 1/2:1/2, 45;}) 11. Qd3 g6 12. Qf3
Nxc3 13. bxc3 Bd7 14. Be4 Rc8 $13 {Salov,V-Timman,J/Sanghi Nagar (m) (7) 1994.
1:0 44;}) 10. Ne4 Be7 11. a3 b6 $5 (11... O-O 12. Bc2 Qb6 (12... Re8 13. Qd3 g6
14. Bh6 b6 15. Rad1 Bb7 16. Rfe1 Rc8 17. Bb3 $13 {Kamsky,G-Short,N/Linares (m/
5) 1994 1:0 26;}) (12... Qc7 13. Qd3 Rd8 14. Ng5 (14. N4c3 g6 15. Bh6 Nxc3 16.
bxc3 $6 (16. Qxc3 $10) 16... e5 17. Bb3 Bf5 {[%emt 0:00:44] -/+, 67/635,
Hubner,R-Rogers,I Polanica Zdroj 1996 1/2:1/2,}) 14... g6 15. Qf3 (15. Bb3 $146
Nf6 16. Rd1 Bf8 17. Bf4 Qe7 18. Qe3 $6 (18. Rac1 $5) 18... Nd5 {[%emt 0:00:01]
=/+ 67/634 Kamsky,G-Karpov, An Elista (m/14)996 61}) 15... Bf6 16. Rd1 Bg7 17.
Bb3 h6 18. Ne4 Nce7 19. N4c3 Nxc3 20. bxc3 Qc6 {-/+, 62/(565) Rogers,
I-Ivanchuk,V Moskow (ol) 1994}) 13. Qd3 g6 14. Rd1 Rd8 15. Qf3 {|^ 61/594
Salov,V-Timman,J Sangli Nagar (m/3) 1994, 1/2:1/2,65;}) 12. Bc2 {>= 12.Be3
Bb713.Rc1=} Ba6 13. Re1 {13.Ba4? Rc8=/+} O-O 14. N2g3 $2 {/\ 14.Be3 Rc8=/+} Rc8
15. Nh5 $6 g6 $1 (15... Nxd4 $2 16. Qxd4 Rxc2 17. Qxg7#) 16. Nhg3 (16. Bh6 gxh5
17. Qxh5 f5 {-/+}) 16... Re8 (16... Nxd4 17. Qxd4 Rxc2 18. Bh6 $18) 17. Ba4 b5
18. Bb3 {>= 18,Bc2-/+} Na5 19. Bxd5 (19. Bc2 b4 $17) 19... Qxd5 20. Nc3 Qb3 $1
21. Qg4 Bb7 22. h4 Nc4 23. d5 $5 Nxb2 (23... exd5 $6 24. Nf5 $1 {/\ Nd4<=>})
24. dxe6 $5 (24. Bxb2 Qxb2 $19) 24... Nd3 (24... Qxc3 $2 25. exf7+ Kxf7 26.
Qe6+ Kg7 (26... Kf8 $2 27. Bh6+ $18) 27. Bh6+ $1 Kh8 (27... Kxh6 28. Nf5+ Kh5
29. Rac1 $1 (29. Qe2+ $2 Bf3 $19) (29. g4+ Kxg4 30. Ne3+ Kf4 $8 (30... Kh5 $2
31. Qg4+ Kh6 32. Nf5+ gxf5 33. Re6+ Bf6 34. Qg5#) 31. Qg4+ Ke5 32. Nf5+ Kf6 33.
Qg5+ Kf7 34. Rxe7+ Rxe7 35. Qxe7+ Kg8 36. Nh6+ Kh8 37. Nf7+ {37. Qb7 ~~} Kg8
38. Nh6+ $10 {29.Ne7!?->; 29. Qf7? ->}) 29... Qxa3 {29...Qc1 30.Qe2+-; 29...
Qe1 30.Re1 gxf5 31.Qf5 Kh6 32.Re7+-; 29...Qf6 30. Qe2+-; 29...Bf6 30.g4 Kg4 31.
Ne3 Kh5 32.Qg4 Kh6 33.Rc3 Rc3 (33...Bc3 34.Nf5+-) 34. Qd7 /\ Ng4+-; 29...Qd2
30.g4 Kg4 31.Ne3Kf4 32.Qg4 Ke5 32.Nc4+-} 30. g4+ Kxg4 31. Ne3+ Kf4 (31... Kh5
32. Qg4+ Kh6 33. Nf5+ gxf5 34. Re6+ $18) 32. Qg4+ Ke5 33. Nc4+ $18) 28. Rac1 $1
Qd4 (28... Qxa3 29. Qe5+ $18) (28... Qf6 29. Rxc8 Rxc8 30. Qxe7 Qxe7 31. Rxe7 {
/\ Rb7, Bg7}) 29. Rxc8 Bxc8 {29...Rc8 30.Qe7+-} 30. Qf7 $18) (24... Rxc3 25.
Nf5 $1 {/\ Nh6, Nd3 <=>}) 25. Bd2 Nxe1 26. exf7+ Qxf7 27. Bxe1 Bf6 28. Nf5 Qe6
29. Nh6+ Kg7 0-1

[Event "Ter Apel"]
[Site "Ter Apel"]
[Date "1997.03.22"]
[Round "5"]
[White "Jussupow, Artur"]
[Black "Andersson, Ulf"]
[Result "1/2-1/2"]
[WhiteElo "2665"]
[BlackElo "2655"]
[Annotator "Knaak,R"]
[PlyCount "51"]
[EventDate "1997.03.17"]
[EventType "tourn"]
[EventRounds "5"]
[EventCountry "NED"]
[EventCategory "16"]
[SourceTitle "CBM 058"]
[Source "ChessBase"]
[SourceDate "1997.06.01"]
[SourceVersion "1"]
[SourceVersionDate "1997.06.01"]
[SourceQuality "1"]

1. d4 Nf6 2. c4 e6 3. Nc3 Bb4 4. e3 c5 5. Bd3 Nc6 6. a3 cxd4 $6 {
Seltsamerweise gibt es diesen Zug weder in meiner Datenbank noch in der
Enzyklopädie. Vielleicht ist das aber logisch, denn 6...Bxc3+ mit Übergang zum
Sämisch-System ist eindeutig vorzuziehen.} 7. axb4 dxc3 8. bxc3 Ne5 9. Nf3 {
Mein Verständnis für diesen Zug ist nicht sehr groß; ohne den weißfeldrigen
Läufer minimiert sich der weiße Vorteil auf die kleine Schwäche Pa7.} (9. Be2
$1 d5 $14) 9... Nxd3+ 10. Qxd3 d5 11. b5 O-O 12. Ba3 Re8 13. cxd5 (13. Ne5 $5
Qc7 14. Qd4 $13) 13... Qxd5 14. Qxd5 exd5 {Zwar sieht die weiße Stellung
vorteilverheißend aus, aber ich vermag in der Zugfolge bis zum 22. Zug keine
Verbesserungen zu entdecken.} 15. Nd4 Bd7 16. Bb4 Ne4 17. f3 Ng5 18. Kd2 Ne6
19. Nf5 Nc7 20. Nd6 Reb8 21. Rhb1 Ne8 22. Nxe8 Rxe8 23. Bc5 a6 24. bxa6 Rxa6
25. Rxa6 bxa6 26. Rb6 1/2-1/2

[Event "RUS-Cup03 Geller Memorial"]
[Site "Moscow"]
[Date "1999.02.12"]
[Round "3"]
[White "Ulko, Jaroslav"]
[Black "Arbakov, Valentin"]
[Result "1-0"]
[WhiteElo "2397"]
[BlackElo "2482"]
[Annotator "Kortschnoj,V"]
[PlyCount "67"]
[EventDate "1999.02.10"]
[EventType "swiss"]
[EventRounds "9"]
[EventCountry "RUS"]
[SourceTitle "CBM 070"]
[Source "ChessBase"]
[SourceDate "1999.06.08"]
[SourceVersion "1"]
[SourceVersionDate "1999.06.08"]
[SourceQuality "1"]

1. d4 Nf6 2. c4 e6 3. Nc3 Bb4 4. e3 c5 5. d5 $6 Ne4 (5... Bxc3+ 6. bxc3 Qa5 7.
Bd2 d6 $11) 6. Bd2 Bxc3 7. Bxc3 Nxc3 8. bxc3 O-O (8... d6 $5 9. Bd3 Nd7 $11) 9.
Bd3 d6 10. Qc2 h6 (10... f5 $2 11. dxe6 Bxe6 12. Ne2 $14) 11. Ne2 exd5 (11...
Nd7 $5) 12. cxd5 Qg5 13. c4 $5 Nd7 (13... Qxg2 14. Ng3 Qf3 15. Rg1 $44 {
Still,in order to justify 12...Qg5, black had to take a pawn...}) 14. O-O Qe7
15. Ng3 {Now, having exploited many extra-tempi presented by black, white has
a clear edge.} Ne5 16. Be2 f5 17. Qd2 Qh4 18. f4 Ng4 19. Bxg4 Qxg4 20. Rae1 Qg6
21. e4 fxe4 22. Rxe4 b6 $2 (22... Bd7 {was stronger.}) 23. Qf2 Bd7 24. f5 Qf7
25. Qe3 Rae8 26. f6 Rxe4 27. Nxe4 Qg6 28. Rf3 $1 $18 Rf7 29. h3 Kh7 ({Or} 29...
Qh5 30. Nxd6 Rxf6 31. Rxf6 gxf6 32. Qe7 Bxh3 33. gxh3 Qg5+ 34. Kf2 Qd2+ 35. Kf3
Qd1+ 36. Qe2 {winning.}) 30. Rg3 Qf5 31. Nxd6 Qxf6 32. Nxf7 Qxf7 33. Rf3 Qh5
34. Qe7 1-0

[Event "Capablanca Memorial Elite 47th"]
[Site "Havana"]
[Date "2012.05.08"]
[Round "5"]
[White "Laznicka, Viktor"]
[Black "Ivanchuk, Vassily"]
[Result "0-1"]
[WhiteElo "2693"]
[BlackElo "2764"]
[Annotator "Let's Check"]
[PlyCount "64"]
[EventDate "2012.05.03"]
[EventType "tourn"]
[EventRounds "10"]
[EventCountry "CUB"]
[EventCategory "18"]
[SourceTitle "CBM 149"]
[Source "ChessBase"]
[SourceDate "2012.07.17"]
[SourceVersion "1"]
[SourceVersionDate "2012.07.17"]
[SourceQuality "1"]

1. d4 Nf6 2. c4 e6 3. Nc3 Bb4 4. e3 c5 5. Nf3 Nc6 6. Bd3 Bxc3+ 7. bxc3 d6 8.
O-O e5 9. Nd2 O-O 10. Rb1 b6 11. d5 Ne7 12. Qc2 g6 13. f4 exf4 14. h3 Nf5 15.
Bxf5 Bxf5 16. e4 Bd7 17. Rxf4 Qe7 18. Bb2 $6 (18. Nf3 Rae8 19. Rh4 $15) 18...
Nh5 $19 19. Rf2 f5 20. Re1 Rae8 21. Bc1 f4 22. Qd1 Qg7 23. Nf1 Re5 24. Nh2 Qe7
25. Qd3 Rg5 $6 (25... Bf5 $1 26. Bxf4 Bxe4 $19) 26. g4 $2 (26. Nf3 Rg3 27. Kh2
$15) 26... fxg3 $19 27. Rxf8+ Qxf8 28. Nf3 Re5 29. Kg2 Re7 30. e5 dxe5 31. d6
Re6 32. Qd5 Nf6 0-1